000 00532nam a2200217Ia 4500
003 OSt
005 20220926042743.0
006 a|||||r|||| 00| 0
007 ta
008 220923b |||||||| |||| 00| 0 eng d
037 _cGeneral Book
040 _aRTL
_cRTL
_beng
041 _2eng
_aeng
082 _aI:12.3, J8
100 _aGurney Robert
_9346679
245 0 _aTrees of Britain
260 _c1958
650 _aBotany
_911716
942 _hI:12.3, J8
_cGB
_2CC
999 _c670477
_d670477